000 01016nam0a22002891 4500
001 RU\INFOCOMM_322\NLR\5000263998
005 20260406131839.0
035 _a(NLR Aleph) 010605199
090 _a10550795
_c10550795
100 _a20130325d1965 |||y0rusy50 ca
101 1 _aeng
_crus
102 _aRU
105 _ay z||||
200 1 _aˆThe ‰captain's daughter
_e[A novel]
_fA. S. Pushkin
_g[Transl. from the Russ. by Ivy and Tatyana Litvinov
_gDesigned by B. Markevich
205 _a2d print.]
210 _aM.
_c"Progress"
_d1965
215 _a136 с.
_cил.
_d20 см
300 _aНа обороте тит. л.: А. С. Пушкин. Капитанская дочка
620 _aМосква
686 _aЛХ-р268(англ.)
_2rubbk
700 1 _8rus
_7ba
_aPuškin
_bA. S.
_cпоэт
_f1799-1837
_gAleksandr Sergeevič
_3RU\NLR\AUTH\771614
_9111634
801 1 _aRU
_bInfocomm
_c20130325
801 0 _aRU
_bINFOCOMM
_gPSBO
852 _aNLR
_jЛ31 Г-3/1442
942 _cBOOK
980 _aNB